| 000 | 00637nam a22002057a 4500 | ||
|---|---|---|---|
| 005 | 20251108175049.0 | ||
| 008 | 250721s2011 xx 000 0 ara d | ||
| 082 | 1 | 4 | _aم/ط/031/موس |
| 100 | 1 |
_aقبيعة، محمد جمال _eمترجم |
|
| 245 | 1 | 0 | _aالأسماك و البحريات / |
| 246 | 1 | 1 | _aFISH |
| 264 | 1 |
_aبيروت : _bدار الراتب الجامعية، _c2011. |
|
| 300 | _a107ص. | ||
| 650 | 1 | 7 | _aالاطفال |
| 650 | 1 | 7 | _aالموسوعات العربية |
| 650 | 1 | 7 | _aالأسماك ( الحيوان ) |
| 653 | _aناشئون صغار (10-14) سنة | ||
| 942 |
_2ddc _cBK |
||
| 999 |
_c125266 _d125266 |
||